000 00949nac a22002411u 4500
010 _a 84009146
020 _a0874882796 (pbk.)
082 0 0 _a618.921509
_bAl107
090 _c3562
_d3562
100 _aAl-Rashid, Rashid A.,
245 1 0 _aPediatric hematology case studies :
_ba compilation of 53 clinical studies /
_cRashid A. Al-Rashid.
250 _a2nd ed.
260 _aNew Hyde Park, NY :
_bMedical Examination Pub. Co.,
_cc1984.
300 _aix, 417 p. :
_bill. ;
_c22 cm.
500 _aIncludes index.
500 _aDonations.
500 _aDonations - Bibliotheca Alexandrina.
504 _aBibliography: p. 361-414.
650 0 _aPediatric hematology
_xCase studies.
650 0 _aHematologic Diseases
_xin infancy & childhood
_xexamination questions.
942 _cBB
_k618.921509Al107
999 _c3562
_d3562